| 000 | 00703nam a22001697a 4500 | ||
|---|---|---|---|
| 005 | 20250224165247.0 | ||
| 008 | 250224b ||||| |||| 00| 0 spa d | ||
| 082 | 1 | 4 |
_214 _a342 |
| 245 | 1 | 0 |
_aBases constitucionales para América Latina y el Caribe : _btexto normativo / _cEquipo Federal del Trabajo |
| 260 |
_aLomas de Zamora: _bUniversidad Nacional de Lomas de Zamora, _bFacultad de Ciencias Sociales de Lomas de Zamora, _c2005 |
||
| 300 | _a184 p. | ||
| 500 | _aDentro del XII Congreso Nacional Senado de la Nación, 25 y 26 de Agosto de 2005. | ||
| 650 | 2 | 7 |
_2unescot _95298 _aDERECHO CONSTITUCIONAL |
| 651 | 0 |
_9735 _aAMERICA LATINA |
|
| 710 | 1 |
_921223 _aEquipo Federal del Trabajo |
|
| 942 |
_2ddc _cLIBRO |
||
| 999 |
_c10732 _d10732 |
||
| 980 |
_619226 _a Palazón Marcela I. _819226 _g Palazón Marcela I. |
||